Solar energy; Методология проектирования молодежного научно-инновационного пространства как основа подготовки современного инженера

Detalles Bibliográficos
Parent link:Методология проектирования молодежного научно-инновационного пространства как основа подготовки современного инженера.— 2014.— [С. 182-184]
Autor Principal: Pustovalova M. P.
Corporate Authors: Национальный исследовательский Томский политехнический университет (ТПУ) Физико-технический институт (ФТИ) Кафедра химической технологии редких, рассеянных и радиоактивных элементов (№ 43) (ХТРЭ), Национальный исследовательский Томский политехнический университет (ТПУ) Физико-технический институт (ФТИ) Кафедра иностранных языков физико-технического института (ИЯФТ)
Outros autores: Chegrincev S. N. Sergey Nikolaevich (научный руководитель), Petrasheva T. G. Tamara Georgievna
Summary:Заглавие с экрана
This article is about the development of renewable sources in the form of solar energy. It features comprehensive discussions of many aspects of solar energy development in Russia and around the world. The purpose this article is to tell about advantages of solar energy.
Idioma:inglés
Publicado: 2014
Series:Integrity of traditions and innovations as the basis for the development of modern engineering science
Subjects:
Acceso en liña:http://earchive.tpu.ru/handle/11683/65006
http://www.lib.tpu.ru/fulltext/c/2014/C07/040.pdf
Formato: MixedMaterials Electrónico Capítulo de libro
KOHA link:https://koha.lib.tpu.ru/cgi-bin/koha/opac-detail.pl?biblionumber=607956

MARC

LEADER 00000naa2a2200000 4500
001 607956
005 20260316144118.0
035 |a (RuTPU)RU\TPU\conf\5362 
035 |a RU\TPU\conf\5360 
090 |a 607956 
100 |a 20140906d2014 k y0rusy50 ba 
101 0 |a eng 
102 |a RU 
135 |a drgn ---uucaa 
181 0 |a i  
182 0 |a b 
200 1 |a Solar energy  |f M. P. Pustovalova  |g Sci. adv. S. N. Chegrincev, T. G. Petrasheva 
203 |a Текст  |c электронный 
215 |a 1 файл (335 Кб) 
225 1 |a Integrity of traditions and innovations as the basis for the development of modern engineering science 
300 |a Заглавие с экрана 
320 |a [Библиогр.: с. 184 (6 назв.)] 
330 |a This article is about the development of renewable sources in the form of solar energy. It features comprehensive discussions of many aspects of solar energy development in Russia and around the world. The purpose this article is to tell about advantages of solar energy. 
337 |a Adobe Reader 
463 1 |0 (RuTPU)RU\TPU\conf\3581  |t Методология проектирования молодежного научно-инновационного пространства как основа подготовки современного инженера  |l Strategy design of youth science and innovation environment for modern engineer training  |o сборник научных трудов Международной молодежной научной школы, г. Томск, 2 - 4 апреля 2014 г.  |f Национальный исследовательский Томский политехнический университет (ТПУ) ; под ред. В. В. Верхотуровой и др.  |v [С. 182-184]  |d 2014 
610 1 |a электронный ресурс 
610 1 |a труды учёных ТПУ 
610 1 |a солнечная энергия 
610 1 |a возобновляемые источники энергии 
610 1 |a источники энергии 
610 1 |a энергия солнца 
700 1 |a Pustovalova  |b M. P. 
702 1 |a Chegrincev  |b S. N.  |c chemist-technologist  |c Engineer-designer of Tomsk Polytechnic University  |f 1987-  |g Sergey Nikolaevich  |4 727 
702 1 |a Petrasheva  |b T. G.  |c linguist  |c Associate Professor of Tomsk Polytechnic University, Candidate of philological science  |f 1962-  |g Tamara Georgievna  |4 727 
712 0 2 |a Национальный исследовательский Томский политехнический университет (ТПУ)  |b Физико-технический институт (ФТИ)  |b Кафедра химической технологии редких, рассеянных и радиоактивных элементов (№ 43) (ХТРЭ)  |3 (RuTPU)RU\TPU\col\18733 
712 0 2 |a Национальный исследовательский Томский политехнический университет (ТПУ)  |b Физико-технический институт (ФТИ)  |b Кафедра иностранных языков физико-технического института (ИЯФТ)  |3 (RuTPU)RU\TPU\col\18736 
801 1 |a RU  |b 63413507  |c 20101016 
801 2 |a RU  |b 63413507  |c 20210401  |g RCR 
856 4 |u http://earchive.tpu.ru/handle/11683/65006 
856 4 |u http://www.lib.tpu.ru/fulltext/c/2014/C07/040.pdf 
942 |c BK